Kliknij aby przetłumaczyć – łacina - Statystyki

Ogólne statystyki
  • Ten quiz został rozwiązany 6 328 razy
  • Średni wynik to 10 z 20
Statystyki odpowiedzi
Hint Odpowiedź % Poprawnych
Woda Aqua
87%
Matka Mater
79%
Nauczyciel Magister
71%
Dom Domus
70%
Morze Mare
64%
Ziemia Terra
60%
Królowa Regina
54%
Głos Vox
51%
Wilk Lupus
50%
Więc Ergo
44%
Zawsze Semper
41%
Prawda Veritas
40%
Sto Centum
39%
Wierzę Credo
39%
Powoli Lente
38%
Co Quid
38%
Ten Hoc
35%
Chciwy Avarus
22%
Nad Supra
21%
Niebieski Caeruleum
17%
Nie znaleziono quizów pasujących do podanych kryteriów
Rozkład punktacji
Procent ludzi z każdym wynikiem
Percentyl według liczby udzielonych odpowiedzi
Twoja historia wyników
Nie rozwiązałeś tego quizu